Ako fotografovať /

Hlavní autor: Noel, Ladislav, 1922-1996
Jazyk: Slovenština
Vydáno: Martin : Osveta, 1955
Fyzický popis: 295, [1] s., obr. příl. : il. ; 8°
Knihy
Uloženo v:
LEADER 00715nam a22002292a 4500
001 001441992
003 CZ BrMZK
005 20141205133208.0
007 ta
008 141205s1955 xo af er|||||||||||slo d
040 |a ABA001  |b cze  |c ABA001  |d ABA001  |d BOA001 
080 9 |a 77(023) 
100 1 |a Noel, Ladislav,  |d 1922-1996  |7 ola2002111231  |4 aut 
245 1 0 |a Ako fotografovať /  |c Ladislav Noel 
260 |a Martin :  |b Osveta,  |c 1955 
300 |a 295, [1] s., obr. příl. :  |b il. ;  |c 8° 
504 |a Obsahuje bibliografii a rejstřík 
500 |a 6400 výt. 
910 |a BOA001  |b 2-0345.620 
990 |a BK 
991 |b 201412 
996 7 |b 2618980410  |c 2-0345.620  |l MZK  |r Sklad / do 24 hodin  |n 0  |w 001477063  |u 000010  |a 1  |e BOA001  |j MZK50  |s A